000 nam a22 7a 4500
999 _c56496
_d56496
003 OSt
005 20230426043827.0
008 230426b xxu||||| |||| 00| 0 eng d
040 _cIIMT UNIVERSITY CENTRAL LIBRARY 2
100 _aFOROUZAN,BEHROUZ A
245 _aDATA COMMUNICATION AND NETWORKING
260 _aNEW DELHI
_bMCGRAW HILL
_c2022
300 _a834
942 _2ddc
_c01